[Event "First Saturday 2010 februar FM-B"]
[Site "Budapest"]
[Date "2010.02.06"]
[Round "1"]
[White "Szakacs, Aron"]
[Black "Grimm, Daniel"]
[Result "0-1"]
[WhiteElo "1847"]
[BlackElo "1672"]
[PlyCount "72"]
[EventDate "2010.02.06"]

1. e4 c5 2. Nf3 Nc6 3. d4 cxd4 4. Nxd4 Nf6 5. Nc3 e5 6. Ndb5 d6 7. Nd5 Nxd5 8.
exd5 Nb8 9. Bd3 a6 10. Nc3 Be7 11. Be3 O-O 12. O-O f5 13. f3 Nd7 14. Ne2 Nf6
15. c4 Qe8 16. Nc3 Bd7 17. b4 Rc8 18. Rc1 f4 19. Bf2 g5 20. Ne4 Nxe4 21. Bxe4
h5 22. Qd3 Kg7 23. h3 g4 24. fxg4 hxg4 25. hxg4 Bxg4 26. Bf3 Bf5 27. Qe2 Rh8
28. Rfd1 Qg6 29. Re1 Qh6 30. Kf1 Qg6 31. Be4 Rh1+ 32. Bg1 Bh4 33. Bxf5 Qxf5 34.
Qe4 Qh5 35. Re2 Bg3 36. Qf3 Rxg1+ 0-1

[Event "First Saturday 2010 februar FM-B"]
[Site "Budapest"]
[Date "2010.02.06"]
[Round "1"]
[White "Horvath, Zoltan"]
[Black "Shan, He Jia"]
[Result "0-1"]
[WhiteElo "1545"]
[BlackElo "1458"]
[PlyCount "120"]
[EventDate "2010.02.06"]

1. e4 e6 2. d4 d5 3. e5 c5 4. c3 Qb6 5. Nf3 Bd7 6. b3 cxd4 7. cxd4 Bb5 8. Be2
Bxe2 9. Qxe2 Qa6 10. Qxa6 Nxa6 11. O-O Ne7 12. Ba3 Nc6 13. Bxf8 Kxf8 14. Nbd2
Ke7 15. a3 Rhc8 16. Rac1 Kf8 17. b4 Nc7 18. Nb3 Kg8 19. Ra1 h6 20. h3 Ne7 21.
Nh2 Nf5 22. a4 Na6 23. b5 Nb4 24. g4 Nh4 25. f3 Nc2 26. Rac1 Ne3 27. Rxc8+ Rxc8
28. Rc1 Rxc1+ 29. Nxc1 Nc2 30. Ne2 Kf8 31. Kf2 Ke7 32. f4 Kd7 33. Kg3 g5 34.
fxg5 hxg5 35. Nf3 Nxf3 36. Kxf3 Ke7 37. Kg3 Kf8 38. h4 gxh4+ 39. Kxh4 Kg7 40.
Kh5 Ne3 41. g5 Nd1 42. Nf4 Nb2 43. a5 Nc4 44. a6 b6 45. Nd3 Na3 46. Nb4 Nxb5
47. Nc6 Kh7 48. Kg4 Kg7 49. Kf4 Kf8 50. Ke3 Ke8 51. Kd3 Kd7 52. Nb4 Kc8 53.
Nxd5 exd5 54. e6 Kd8 55. exf7 Ke7 56. g6 Kf8 57. Ke3 Nc7 58. Kd3 Nxa6 59. Kc3
Nc7 60. Kb4 a6 0-1

[Event "First Saturday 2010 februar FM-B"]
[Site "Budapest"]
[Date "2010.02.06"]
[Round "1"]
[White "Vinnay, Istvan"]
[Black "Gruz, Janos"]
[Result "1/2-1/2"]
[WhiteElo "1794"]
[BlackElo "1950"]
[PlyCount "70"]
[EventDate "2010.02.06"]

1. c4 f5 2. Nc3 Nf6 3. d4 e6 4. g3 d5 5. Bg2 c6 6. b3 Bd6 7. Nf3 O-O 8. O-O
Nbd7 9. Qc2 Ne4 10. Nd2 Ndf6 11. f3 Nxc3 12. Qxc3 Qe7 13. e3 e5 14. a3 Bd7 15.
Bb2 e4 16. f4 c5 17. dxc5 Bxc5 18. b4 Bb6 19. c5 Bc7 20. Nb3 Rac8 21. Nd4 Bb8
22. Qb3 Be6 23. Rac1 Ne8 24. Rfd1 Nf6 25. Nxe6 Qxe6 26. Bxf6 Rxf6 27. Qxd5 Qxd5
28. Rxd5 g6 29. Rcd1 b6 30. Bf1 bxc5 31. Bc4 Kg7 32. Rd7+ Kh6 33. bxc5 Rfc6 34.
Rb7 Rxc5 35. Rdd7 R8c7 1/2-1/2

[Event "First Saturday 2010 februar FM-B"]
[Site "Budapest"]
[Date "2010.02.06"]
[Round "1"]
[White "Grimm, Gyoergy"]
[Black "Kiss, Sydney Olimpia"]
[Result "1-0"]
[WhiteElo "1655"]
[BlackElo "1531"]
[PlyCount "115"]
[EventDate "2010.02.06"]

1. e4 e5 2. Nc3 Bb4 3. Bc4 Nf6 4. Nge2 O-O 5. O-O d6 6. d3 h6 7. a3 Bc5 8. h3
Nc6 9. Nd5 Nxd5 10. Bxd5 Nd4 11. Be3 Nxe2+ 12. Qxe2 Bb6 13. c3 c6 14. Bb3 Qe7
15. Rfe1 Be6 16. Bc2 d5 17. exd5 Bxd5 18. Bxb6 Qg5 19. g3 axb6 20. Qxe5 Qd2 21.
Re2 Qg5 22. Qxg5 hxg5 23. Rae1 f6 24. Re7 Rab8 25. Rc7 Rf7 26. Ree7 Rxe7 27.
Rxe7 Kf8 28. Re3 Kf7 29. d4 Rh8 30. g4 c5 31. dxc5 bxc5 32. Kh2 Re8 33. Bg6+
Kxg6 34. Rxe8 Kf7 35. Re1 Be6 36. Kg3 Ke7 37. Rd1 Bb3 38. Rd2 Ke6 39. f4 gxf4+
40. Kxf4 Bd5 41. h4 g6 42. b4 c4 43. Re2+ Kd6 44. h5 gxh5 45. gxh5 Bf7 46. h6
Bg6 47. Rg2 Bh7 48. Rg7 Bd3 49. Rxb7 Kc6 50. Rf7 Kb5 51. h7 Ka4 52. h8=Q Kb3
53. Qxf6 Kxa3 54. Qa6+ Kb2 55. Ke3 Kxc3 56. Qa3+ Kc2 57. Rf2+ Kd1 58. Qa1+ 1-0

[Event "First Saturday 2010 februar FM-B"]
[Site "Budapest"]
[Date "2010.02.07"]
[Round "2"]
[White "Grimm, Daniel"]
[Black "Kiss, Sydney Olimpia"]
[Result "1-0"]
[WhiteElo "1672"]
[BlackElo "1531"]
[PlyCount "85"]
[EventDate "2010.02.06"]

1. e4 e5 2. Nf3 Nf6 3. Nc3 Nc6 4. Bb5 Bc5 5. O-O O-O 6. d3 Re8 7. Bg5 a6 8. Ba4
Be7 9. Be3 b5 10. Bb3 Ng4 11. Bd5 h6 12. h3 Nxe3 13. fxe3 Bc5 14. d4 exd4 15.
exd4 Bb6 16. Kh1 Bb7 17. Ne2 Na5 18. Bxb7 Nxb7 19. e5 d6 20. c3 c5 21. dxc5
Bxc5 22. Qd5 Qc7 23. exd6 Bxd6 24. Ned4 Na5 25. Nd2 Qc5 26. Qxf7+ Kh8 27. Nf5
Qe5 28. Nf3 Qf6 29. Qxf6 gxf6 30. Nxd6 Re2 31. b4 Nc6 32. Nd4 Nxd4 33. cxd4 Re6
34. Nf5 Kh7 35. d5 Re5 36. d6 Rd8 37. Rad1 Kg6 38. Ne7+ Rxe7 39. dxe7 Re8 40.
Rfe1 Kf7 41. Rd7 h5 42. g4 hxg4 43. hxg4 1-0

[Event "First Saturday 2010 februar FM-B"]
[Site "Budapest"]
[Date "2010.02.07"]
[Round "2"]
[White "Gruz, Janos"]
[Black "Grimm, Gyoergy"]
[Result "1/2-1/2"]
[WhiteElo "1950"]
[BlackElo "1655"]
[PlyCount "72"]
[EventDate "2010.02.06"]

1. d4 Nf6 2. Nf3 g6 3. h3 Bg7 4. Bf4 d6 5. e3 O-O 6. Bc4 c6 7. c3 Nbd7 8. O-O
b5 9. Be2 Bb7 10. Nbd2 a6 11. a4 Nd5 12. Bg3 Nc7 13. Qb3 Nf6 14. c4 Qd7 15. a5
d5 16. Ne5 Qd8 17. c5 Nd7 18. f4 f6 19. Nef3 f5 20. Bd3 e6 21. Qd1 Qe7 22. b4
Bf6 23. Qe1 Kg7 24. Ne5 Rh8 25. Ndf3 Rag8 26. Ra2 Kf8 27. Kh1 Ke8 28. Nxd7 Kxd7
29. Bh4 Kd8 30. Bxf6 Qxf6 31. Qh4 Qxh4 32. Nxh4 Ke7 33. Kh2 Rg7 34. Be2 Rhg8
35. Nf3 Kd8 36. Ne5 Ke7 1/2-1/2

[Event "First Saturday 2010 februar FM-B"]
[Site "Budapest"]
[Date "2010.02.07"]
[Round "2"]
[White "Shan, He Jia"]
[Black "Vinnay, Istvan"]
[Result "1/2-1/2"]
[WhiteElo "1458"]
[BlackElo "1794"]
[PlyCount "48"]
[EventDate "2010.02.06"]

1. d4 Nf6 2. Bf4 d5 3. e3 c6 4. c4 e6 5. Nf3 Bd6 6. Bxd6 Qxd6 7. c5 Qe7 8. Bd3
Nbd7 9. O-O O-O 10. Qc2 h6 11. Nc3 e5 12. dxe5 Nxe5 13. Nxe5 Qxe5 14. h3 Be6
15. Ne2 Rfe8 16. Nd4 Bd7 17. b4 a6 18. a4 Ne4 19. Bxe4 dxe4 20. Rfd1 Rad8 21.
Rd2 Be6 22. Rad1 Bd5 23. Ne2 g5 24. Nc3 Rd7 1/2-1/2

[Event "First Saturday 2010 februar FM-B"]
[Site "Budapest"]
[Date "2010.02.07"]
[Round "2"]
[White "Hetesi, Zoltan"]
[Black "Horvath, Zoltan"]
[Result "1-0"]
[WhiteElo "1528"]
[BlackElo "1545"]
[PlyCount "68"]
[EventDate "2010.02.06"]

1. d4 Nf6 2. c4 e5 3. dxe5 Ng4 4. Nf3 Bc5 5. e3 Nc6 6. Qd5 d6 7. exd6 Bxd6 8.
Qe4+ Be6 9. Nc3 O-O 10. Bd3 g6 11. Nd4 Nf6 12. Qf3 Bg4 13. Nxc6 Bxf3 14. Nxd8
Bxg2 15. Rg1 Bh3 16. Nxb7 Bxh2 17. Rh1 Ng4 18. Be4 Rfe8 19. Bf3 Ne5 20. Be4 Bf5
21. Bxf5 gxf5 22. Ke2 Ng4 23. f3 Nxe3 24. Bxe3 Bf4 25. Nd5 Be5 26. Kf2 Bxb2 27.
Rab1 Be5 28. f4 c6 29. fxe5 cxd5 30. cxd5 Rxe5 31. Rhg1+ Kh8 32. Bd4 f6 33.
Bxe5 fxe5 34. d6 Rf8 1-0

[Event "First Saturday 2010 februar FM-B"]
[Site "Budapest"]
[Date "2010.02.07"]
[Round "2"]
[White "Szakacs, Aron"]
[Black "Farkas, Richard"]
[Result "1-0"]
[WhiteElo "1847"]
[BlackElo "1898"]
[PlyCount "117"]
[EventDate "2010.02.06"]

1. e4 e6 2. d4 d5 3. exd5 exd5 4. Nf3 Bf5 5. Bd3 Bxd3 6. Qxd3 c6 7. O-O Nf6 8.
Re1+ Be7 9. Qe2 Ne4 10. Nc3 f5 11. Nd2 O-O 12. f3 Nxc3 13. Qxe7 Qxe7 14. Rxe7
Nb5 15. Nb3 Rf7 16. Re2 a5 17. a4 Nd6 18. Bf4 Nc4 19. Rae1 Nd7 20. c3 Nf6 21.
Nc5 Nh5 22. Be5 f4 23. b3 Nb6 24. Bd6 h6 25. Re8+ Kh7 26. Rxa8 Nxa8 27. Re7
Rxe7 28. Bxe7 b6 29. Nd7 b5 30. Bd8 b4 31. cxb4 axb4 32. Nb6 Nxb6 33. Bxb6 Nf6
34. Bc5 Nd7 35. Bxb4 Nb8 36. Bd6 Na6 37. Bxf4 Kg8 38. Bd6 Kf7 39. Kf2 Ke6 40.
Bf8 Kf7 41. Ba3 g6 42. b4 Ke6 43. b5 cxb5 44. axb5 Nb8 45. Ke3 Kd7 46. h4 Kc7
47. Bc5 Nd7 48. g4 Kb7 49. Kf4 Kc7 50. h5 gxh5 51. gxh5 Nf6 52. Ke5 Nxh5 53.
Bf8 Kb6 54. Bxh6 Kxb5 55. Kxd5 Kb6 56. Ke6 Kc7 57. d5 Kd8 58. d6 Ke8 59. d7+
1-0

[Event "First Saturday 2010 februar FM-B"]
[Site "Budapest"]
[Date "2010.02.08"]
[Round "3"]
[White "Farkas, Richard"]
[Black "Grimm, Daniel"]
[Result "1-0"]
[WhiteElo "1898"]
[BlackElo "1672"]
[PlyCount "153"]
[EventDate "2010.02.06"]

1. e4 c5 2. Nc3 Nc6 3. g3 d6 4. Bg2 g6 5. d3 Bg7 6. f4 e6 7. Nf3 Bd7 8. O-O
Nge7 9. Be3 b6 10. d4 cxd4 11. Nxd4 a6 12. Qd2 O-O 13. Rad1 Nc8 14. f5 e5 15.
Nxc6 Bxc6 16. Nd5 Bxd5 17. Qxd5 Ra7 18. Bh3 Rc7 19. c3 b5 20. fxg6 hxg6 21.
Bxc8 Rxc8 22. Qxd6 Qxd6 23. Rxd6 Rc4 24. Rxa6 Rxe4 25. Bc5 Rc8 26. Ba3 Bh6 27.
Raf6 Rc7 28. Kg2 Rd7 29. R1f2 Re1 30. Rd6 Rb7 31. Rd8+ Kh7 32. Re8 e4 33. Bc5
f5 34. Bd4 Bg7 35. Bc5 Bh6 36. Rf1 Re2+ 37. Rf2 Re1 38. h3 Rd7 39. Bd4 Bg7 40.
h4 Bxd4 41. cxd4 Rxd4 42. Rc2 Rd7 43. Kf2 Rh1 44. Ke3 Rf1 45. Ke2 Rg1 46. Kf2
Rh1 47. Kg2 Rhd1 48. Re2 Ra1 49. a3 Rdd1 50. Rc2 Rd7 51. Rb8 Rad1 52. Rxb5
R1d2+ 53. Rxd2 Rxd2+ 54. Kf1 Kh6 55. a4 Rd3 56. a5 Rd1+ 57. Ke2 Ra1 58. Rd5 Ra2
59. Rb5 Kh5 60. Ke3 Kg4 61. Rb6 Kxg3 62. Rxg6+ Kxh4 63. Kf4 Kh3 64. Rg3+ Kh4
65. Ra3 Rxb2 66. Kxf5 e3 67. Rxe3 Ra2 68. Re5 Kh5 69. Rb5 Kh6 70. Ke6 Kg6 71.
Kd6 Kf6 72. Kc6 Ke6 73. Kb7 Rd2 74. Rb6+ Kd7 75. a6 Rc2 76. a7 Rc7+ 77. Ka6 1-0

[Event "First Saturday 2010 februar FM-B"]
[Site "Budapest"]
[Date "2010.02.08"]
[Round "3"]
[White "Horvath, Zoltan"]
[Black "Szakacs, Aron"]
[Result "0-1"]
[WhiteElo "1545"]
[BlackElo "1847"]
[PlyCount "74"]
[EventDate "2010.02.06"]

1. e4 c6 2. d4 d5 3. Nc3 dxe4 4. Nxe4 Bf5 5. Bd3 Qxd4 6. Nf3 Qd8 7. O-O Bxe4 8.
Bxe4 Qxd1 9. Rxd1 Nf6 10. Bd3 e6 11. Bg5 Nbd7 12. Re1 Bc5 13. Ne5 Nxe5 14. Rxe5
Bxf2+ 15. Kf1 Bd4 16. Re2 h6 17. c3 Bxc3 18. bxc3 hxg5 19. Kg1 O-O-O 20. Bc4
Rd6 21. a4 Rhd8 22. h3 g4 23. hxg4 Nxg4 24. g3 Rd2 25. Rxd2 Rxd2 26. Re1 Rc2
27. Rxe6 fxe6 28. Bxe6+ Kc7 29. Bxg4 Rxc3 30. Kh2 c5 31. Kh3 Re3 32. Kh4 c4 33.
Bd1 c3 34. Kh3 Re1 35. Bc2 Rc1 36. Bd3 c2 37. Bxc2 Rxc2 0-1

[Event "First Saturday 2010 februar FM-B"]
[Site "Budapest"]
[Date "2010.02.08"]
[Round "3"]
[White "Vinnay, Istvan"]
[Black "Hetesi, Zoltan"]
[Result "1/2-1/2"]
[WhiteElo "1794"]
[BlackElo "1528"]
[PlyCount "32"]
[EventDate "2010.02.06"]

1. c4 e5 2. Nc3 c6 3. Nf3 d6 4. d4 exd4 5. Nxd4 Nf6 6. e4 d5 7. exd5 cxd5 8. h3
Bc5 9. Be2 O-O 10. O-O Nc6 11. Nb3 Bb6 12. Bg5 d4 13. Nd5 h6 14. Bxf6 gxf6 15.
Qd2 Kh7 16. Bd3+ Kg7 1/2-1/2

[Event "First Saturday 2010 februar FM-B"]
[Site "Budapest"]
[Date "2010.02.08"]
[Round "3"]
[White "Grimm, Gyoergy"]
[Black "Shan, He Jia"]
[Result "1-0"]
[WhiteElo "1655"]
[BlackElo "1458"]
[PlyCount "103"]
[EventDate "2010.02.06"]

1. e4 e6 2. d4 d5 3. Nc3 dxe4 4. Nxe4 Bd7 5. Nf3 Bc6 6. Bd3 Nd7 7. O-O Ngf6 8.
Nxf6+ Nxf6 9. c3 Bd6 10. Bg5 h6 11. Bd2 O-O 12. h3 b6 13. Re1 Bb7 14. Ne5 c5
15. Nf3 cxd4 16. Nxd4 Bc5 17. Be3 e5 18. Nb3 Qd5 19. Bf1 Bxe3 20. Rxe3 Rfe8 21.
Qxd5 Nxd5 22. Ree1 Rad8 23. Rad1 f6 24. Rd2 Nf4 25. Red1 Rxd2 26. Rxd2 Ng6 27.
Rd7 Re7 28. Rd8+ Kh7 29. Nd2 Bc6 30. Nc4 Rd7 31. Rxd7 Bxd7 32. Nd6 Be6 33. Bd3
h5 34. Nb5 a5 35. a4 Bb3 36. Nd6 Kh6 37. Bb5 Nf4 38. Nc8 Nd5 39. g3 Kg6 40.
Be8+ Kf5 41. Bf7 e4 42. Nxb6 Nxb6 43. Bxb3 g5 44. Bc2 Ke5 45. b4 axb4 46. cxb4
Nc4 47. a5 Na3 48. a6 Nb5 49. Ba4 Na7 50. b5 Kd6 51. b6 Nc6 52. a7 1-0

[Event "First Saturday 2010 februar FM-B"]
[Site "Budapest"]
[Date "2010.02.08"]
[Round "3"]
[White "Kiss, Sydney Olimpia"]
[Black "Gruz, Janos"]
[Result "1/2-1/2"]
[WhiteElo "1531"]
[BlackElo "1950"]
[PlyCount "42"]
[EventDate "2010.02.06"]

1. e4 c5 2. Nf3 d6 3. d4 cxd4 4. Nxd4 Nf6 5. Nc3 a6 6. Be2 e5 7. Nb3 Be7 8. O-O
O-O 9. f3 Be6 10. Be3 Nbd7 11. Kh1 Rc8 12. Nd5 Bxd5 13. exd5 Nb6 14. Bxb6 Qxb6
15. c4 e4 16. fxe4 Nxe4 17. Qd4 Qxd4 18. Nxd4 Nd2 19. Rfc1 Bf6 20. Rc2 Bxd4 21.
Rxd2 Bf6 1/2-1/2

[Event "First Saturday 2010 februar FM-B"]
[Site "Budapest"]
[Date "2010.02.09"]
[Round "4"]
[White "Grimm, Daniel"]
[Black "Gruz, Janos"]
[Result "0-1"]
[WhiteElo "1672"]
[BlackElo "1950"]
[PlyCount "58"]
[EventDate "2010.02.06"]

1. e4 c5 2. Nf3 d6 3. d4 cxd4 4. Nxd4 Nf6 5. Nc3 a6 6. Be2 e5 7. Nb3 Be6 8. Bg5
Nbd7 9. O-O Be7 10. Kh1 Qc7 11. f4 exf4 12. Bxf4 Ne5 13. Nd4 O-O 14. Bxe5 dxe5
15. Nf5 Bxf5 16. Rxf5 Rad8 17. Bd3 b5 18. Qf3 b4 19. Ne2 a5 20. Rf1 Qd6 21. Qg3
a4 22. Qxe5 Qxe5 23. Rxe5 Bd6 24. Ra5 Rfe8 25. Rxa4 Nxe4 26. g3 Nc5 27. Ra7
Nxd3 28. Rfxf7 Bf8 29. cxd3 Rxe2 0-1

[Event "First Saturday 2010 februar FM-B"]
[Site "Budapest"]
[Date "2010.02.09"]
[Round "4"]
[White "Shan, He Jia"]
[Black "Kiss, Sydney Olimpia"]
[Result "1/2-1/2"]
[WhiteElo "1458"]
[BlackElo "1531"]
[PlyCount "46"]
[EventDate "2010.02.06"]

1. d4 d5 2. Bf4 Nc6 3. e3 a6 4. Nf3 Bf5 5. a3 e6 6. c4 Nf6 7. h3 Bd6 8. Bxd6
Qxd6 9. c5 Qe7 10. Nc3 O-O 11. Be2 Ne4 12. O-O h6 13. Bd3 Nxc3 14. bxc3 Bxd3
15. Qxd3 e5 16. dxe5 Rfd8 17. Rab1 Rab8 18. Rb2 Qxc5 19. a4 Qa3 20. Rfb1 Na5
21. Rb4 c5 22. Rf4 c4 23. Qf5 Qe7 1/2-1/2

[Event "First Saturday 2010 februar FM-B"]
[Site "Budapest"]
[Date "2010.02.09"]
[Round "4"]
[White "Hetesi, Zoltan"]
[Black "Grimm, Gyoergy"]
[Result "1-0"]
[WhiteElo "1528"]
[BlackElo "1655"]
[PlyCount "93"]
[EventDate "2010.02.06"]

1. d4 Nf6 2. c4 g6 3. Nc3 Bg7 4. e4 d6 5. f4 O-O 6. e5 dxe5 7. fxe5 Ne8 8. Nf3
Nc6 9. Bf4 Bg4 10. Be2 e6 11. Bg5 Qd7 12. Be3 Ne7 13. Qd2 c6 14. h3 Bxf3 15.
Bxf3 Nc7 16. Ne4 Nf5 17. Bf2 Rfd8 18. O-O-O Qc8 19. g4 Ne7 20. Nf6+ Kh8 21. Be3
Ne8 22. Bg5 Qc7 23. Nxe8 Rxe8 24. Qf4 Rf8 25. Bf6 Ng8 26. g5 Rfe8 27. h4 Ne7
28. Bxg7+ Kxg7 29. Qf6+ Kf8 30. Qh8+ Ng8 31. Qxh7 Re7 32. Rdf1 Qd7 33. Be4 Qxd4
34. Bxg6 Qd7 35. Rf3 Rc8 36. Rhf1 Rc7 37. Qh8 Qe8 38. Bh7 Red7 39. Qxg8+ Ke7
40. Rxf7+ Kd8 41. Rf8 Re7 42. Rxe8+ Rxe8 43. Rf8 Rce7 44. Rxe8+ Rxe8 45. Qg7
Re7 46. Qf6 Kd7 47. g6 1-0

[Event "First Saturday 2010 februar FM-B"]
[Site "Budapest"]
[Date "2010.02.09"]
[Round "4"]
[White "Szakacs, Aron"]
[Black "Vinnay, Istvan"]
[Result "1-0"]
[WhiteElo "1847"]
[BlackElo "1794"]
[PlyCount "81"]
[EventDate "2010.02.06"]

1. e4 c5 2. Nf3 e6 3. d4 cxd4 4. Nxd4 Nf6 5. Bd3 Nc6 6. Be3 a6 7. O-O Be7 8. c4
O-O 9. Nc3 Qc7 10. Nxc6 dxc6 11. f4 e5 12. f5 Rd8 13. Qe2 c5 14. Bg5 Qd6 15.
Rad1 Bd7 16. Rf3 Kh8 17. Bxf6 Bxf6 18. Qf2 Qd4 19. Nd5 Qxf2+ 20. Kxf2 Bc6 21.
Be2 Bxd5 22. cxd5 Be7 23. a4 f6 24. Rb3 Rab8 25. Bc4 Bd6 26. Rdd3 Bc7 27. h4 g6
28. d6 Bxd6 29. Rb6 Be7 30. Rdb3 Rd7 31. Bxa6 c4 32. Bxc4 Bc5+ 33. Ke2 Bxb6 34.
Rxb6 Kg7 35. fxg6 hxg6 36. a5 Rbd8 37. Bd5 f5 38. Rxb7 Rxb7 39. Bxb7 f4 40. a6
Rd7 41. b4 1-0

[Event "First Saturday 2010 februar FM-B"]
[Site "Budapest"]
[Date "2010.02.09"]
[Round "4"]
[White "Farkas, Richard"]
[Black "Horvath, Zoltan"]
[Result "1-0"]
[WhiteElo "1898"]
[BlackElo "1545"]
[PlyCount "51"]
[EventDate "2010.02.06"]

1. e4 c5 2. Nc3 d6 3. g3 e5 4. Bg2 Nf6 5. d3 Be7 6. f4 exf4 7. Bxf4 Nc6 8. Nf3
O-O 9. O-O Bg4 10. Qd2 Nh5 11. Be3 Nf6 12. h3 Be6 13. Rae1 Qc8 14. Kh2 Re8 15.
Ng5 a6 16. Na4 Qc7 17. Bf4 Qa5 18. Qxa5 Nxa5 19. Nb6 Rad8 20. e5 dxe5 21. Bxe5
Nd7 22. Nxe6 fxe6 23. Bc7 Nc6 24. Bxd8 Rxd8 25. Bxc6 Nxb6 26. Bxb7 {
after 24 move} 1-0

[Event "First Saturday 2010 februar FM-B"]
[Site "Budapest"]
[Date "2010.02.10"]
[Round "5"]
[White "Horvath, Zoltan"]
[Black "Grimm, Daniel"]
[Result "0-1"]
[WhiteElo "1545"]
[BlackElo "1672"]
[PlyCount "108"]
[EventDate "2010.02.06"]

1. e4 c5 2. Nf3 Nc6 3. d4 cxd4 4. Nxd4 Nf6 5. Nc3 e5 6. Nb3 Bb4 7. Bg5 d6 8.
Bd3 O-O 9. O-O Bxc3 10. bxc3 h6 11. Be3 Be6 12. Nd2 d5 13. f4 exf4 14. Rxf4 Ne5
15. Bd4 Ned7 16. Qf3 Qc7 17. Rf1 Ne5 18. Bxe5 Qxe5 19. c4 dxc4 20. Bxc4 Qd4+
21. Qf2 Qxf2+ 22. R1xf2 Ng4 23. Re2 Ne5 24. Bd5 Rab8 25. c4 b6 26. a4 Nd3 27.
Rf1 Nc5 28. Ra1 a5 29. Re3 Bd7 30. Nb3 Nxa4 31. Ra2 Rbc8 32. e5 Nc5 33. Nxc5
Rxc5 34. Rb2 Rb8 35. Rf3 Be6 36. Rd3 b5 37. Bxe6 fxe6 38. cxb5 Rbxb5 39. Rxb5
Rxb5 40. Re3 Kh7 41. Kf2 a4 42. Ra3 Rb4 43. g3 Kg6 44. h3 Kf5 45. Re3 Rb3 46.
g4+ Kf4 47. Re2 a3 48. g5 Rb2 49. gxh6 gxh6 50. Rxb2 axb2 51. h4 b1=Q 52. Kg2
Qc2+ 53. Kh3 Qf2 54. h5 Qg3# 0-1

[Event "First Saturday 2010 februar FM-B"]
[Site "Budapest"]
[Date "2010.02.10"]
[Round "5"]
[White "Vinnay, Istvan"]
[Black "Farkas, Richard"]
[Result "0-1"]
[WhiteElo "1794"]
[BlackElo "1898"]
[PlyCount "38"]
[EventDate "2010.02.06"]

1. c4 e5 2. Nc3 Nf6 3. g3 Bc5 4. Bg2 O-O 5. d3 c6 6. Bg5 Bxf2+ 7. Kxf2 Ng4+ 8.
Ke1 Qxg5 9. Nf3 Qh6 10. Qd2 Ne3 11. Kf2 Ng4+ 12. Ke1 Qxd2+ 13. Kxd2 d6 14. h3
Nf6 15. g4 Be6 16. Rac1 Nbd7 17. Ng5 h6 18. Nxe6 fxe6 19. e4 Nxg4 0-1

[Event "First Saturday 2010 februar FM-B"]
[Site "Budapest"]
[Date "2010.02.10"]
[Round "5"]
[White "Grimm, Gyoergy"]
[Black "Szakacs, Aron"]
[Result "0-1"]
[WhiteElo "1655"]
[BlackElo "1847"]
[PlyCount "118"]
[EventDate "2010.02.06"]

1. e4 e5 2. Nc3 Bc5 3. Bc4 Nf6 4. Nf3 d6 5. O-O Bg4 6. d3 h6 7. h3 Bh5 8. Be3
Nbd7 9. Nd5 Nxd5 10. Bxd5 c6 11. Bb3 Qb6 12. Qe2 Nf6 13. c3 O-O 14. Rad1 Bxe3
15. Qxe3 Qc7 16. Rd2 Bg6 17. Nh2 d5 18. exd5 Nxd5 19. Bxd5 cxd5 20. f4 exf4 21.
Qxf4 Qb6+ 22. Qf2 Qa6 23. Ra1 Bxd3 24. Qd4 Be4 25. Nf1 Qg6 26. Ne3 Kh7 27. Re1
f5 28. Nf1 f4 29. Qf2 Rf5 30. Nh2 Rg5 31. Qf1 Rg3 32. Kh1 Rxh3 33. Rxe4 Qxe4
34. Rd4 Rxh2+ 35. Kxh2 Qe5 36. Qxf4 Qxf4+ 37. Rxf4 Kg6 38. Rd4 Rd8 39. c4 Kf5
40. cxd5 Ke5 41. Rg4 Rd7 42. Kg3 Kxd5 43. Kf3 Re7 44. Ra4 b5 45. Rg4 a5 46. a4
b4 47. b3 Rc7 48. Rh4 Rc3+ 49. Ke2 Kc6 50. Rg4 g5 51. Re4 Rxb3 52. Re6+ Kd5 53.
Rxh6 Ra3 54. Rh5 Rxa4 55. Rxg5+ Kc4 56. Re5 b3 57. Kd2 Ra1 58. Re8 b2 59. Rc8+
Kd5 0-1

[Event "First Saturday 2010 februar FM-B"]
[Site "Budapest"]
[Date "2010.02.10"]
[Round "5"]
[White "Gruz, Janos"]
[Black "Shan, He Jia"]
[Result "1/2-1/2"]
[WhiteElo "1950"]
[BlackElo "1458"]
[PlyCount "60"]
[EventDate "2010.02.06"]

1. e4 e5 2. Nf3 Nf6 3. Nc3 Bb4 4. Bc4 O-O 5. O-O Bxc3 6. dxc3 Nxe4 7. Nxe5 Qf6
8. Qd5 Nd6 9. Bd3 Nc6 10. Ng4 Qh4 11. h3 Ne7 12. Qc5 f5 13. Ne5 Nc6 14. Nf3 Qh5
15. Bf4 Rf6 16. Rfe1 b6 17. Bc4+ Kh8 18. Qe3 Bb7 19. Bxd6 cxd6 20. Bd5 h6 21.
Rad1 Raf8 22. Nd4 f4 23. Qf3 Qg5 24. Bxc6 Bxc6 25. Qg4 Qxg4 26. hxg4 f3 27.
gxf3 Bxf3 28. Nxf3 Rxf3 29. Rd2 R3f4 30. Re7 Rxg4+ 1/2-1/2

[Event "First Saturday 2010 februar FM-B"]
[Site "Budapest"]
[Date "2010.02.11"]
[Round "6"]
[White "Grimm, Daniel"]
[Black "Shan, He Jia"]
[Result "1-0"]
[WhiteElo "1672"]
[BlackElo "1458"]
[PlyCount "105"]
[EventDate "2010.02.06"]

1. e4 e6 2. d4 d5 3. Nc3 dxe4 4. Nxe4 Bd7 5. Nf3 Bc6 6. Bd3 Nd7 7. c3 Ngf6 8.
Bg5 Be7 9. Bxf6 Nxf6 10. Nxf6+ Bxf6 11. O-O O-O 12. Re1 Qd7 13. Ne5 Bxe5 14.
Rxe5 Qe7 15. Qc2 g6 16. Rae1 Rad8 17. Bc4 Qh4 18. R5e3 b5 19. Rh3 Qg5 20. Rg3
Qh4 21. Bd3 a6 22. Qc1 Ba8 23. Rh3 Qf6 24. Be4 Bxe4 25. Rxe4 Rd5 26. Qh6 Qg7
27. Reh4 Qxh6 28. Rxh6 e5 29. Rxh7 f5 30. Rh8+ Kf7 31. R3h7+ Ke8 32. Rxf8+ Kxf8
33. Rxc7 exd4 34. cxd4 Rxd4 35. Rc1 Kf7 36. Kf1 Rd2 37. Rb1 Kf6 38. Ke1 Rd4 39.
Rc1 a5 40. f3 Rh4 41. h3 Rh5 42. Kf2 Rh4 43. Rc6+ Kg5 44. Ke3 Rb4 45. b3 a4 46.
Rc3 Kh4 47. Kf2 Rd4 48. Rc2 Rb4 49. g3+ Kg5 50. h4+ Kh5 51. Rb2 Kh6 52. Ke3 Kg7
53. Kd3 1-0

[Event "First Saturday 2010 februar FM-B"]
[Site "Budapest"]
[Date "2010.02.11"]
[Round "6"]
[White "Hetesi, Zoltan"]
[Black "Gruz, Janos"]
[Result "0-1"]
[WhiteElo "1528"]
[BlackElo "1950"]
[PlyCount "48"]
[EventDate "2010.02.06"]

1. d4 d5 2. c4 e6 3. Nc3 f5 4. cxd5 exd5 5. Bf4 c6 6. e3 Nf6 7. Nf3 Be7 8. Bd3
O-O 9. O-O Ne4 10. Ne5 g5 11. f3 Nxc3 12. bxc3 gxf4 13. exf4 Nd7 14. Qe1 Nxe5
15. fxe5 Be6 16. Qb1 Qb6 17. Qc1 c5 18. Rb1 Qc7 19. Qh6 Qd7 20. f4 c4 21. Bc2
Rf7 22. Rf3 Bf8 23. Rg3+ Kh8 24. Qg5 Bg7 0-1

[Event "First Saturday 2010 februar FM-B"]
[Site "Budapest"]
[Date "2010.02.11"]
[Round "6"]
[White "Szakacs, Aron"]
[Black "Kiss, Sydney Olimpia"]
[Result "1-0"]
[WhiteElo "1847"]
[BlackElo "1531"]
[PlyCount "65"]
[EventDate "2010.02.06"]

1. e4 e5 2. Nf3 Nf6 3. Nc3 Nc6 4. Bc4 Bc5 5. O-O O-O 6. d3 h6 7. Na4 Bb6 8.
Nxb6 axb6 9. h3 d6 10. Be3 Na5 11. b3 Nxc4 12. bxc4 c5 13. Qd2 Bd7 14. Nh2 b5
15. cxb5 Bxb5 16. c4 Bc6 17. f4 Qa5 18. Qe2 b6 19. fxe5 dxe5 20. Rxf6 gxf6 21.
Bxh6 Bd7 22. Qf3 Kh7 23. Bxf8 Rxf8 24. Qxf6 Be6 25. Nf3 Rh8 26. Ng5+ Kg8 27.
Nxe6 fxe6 28. Qxe6+ Kh7 29. Qf7+ Kh6 30. Rf1 Qa8 31. Rf6+ Kg5 32. Qg6+ Kh4 33.
Qg4# 1-0

[Event "First Saturday 2010 februar FM-B"]
[Site "Budapest"]
[Date "2010.02.11"]
[Round "6"]
[White "Farkas, Richard"]
[Black "Grimm, Gyoergy"]
[Result "1-0"]
[WhiteElo "1898"]
[BlackElo "1655"]
[PlyCount "79"]
[EventDate "2010.02.06"]

1. e4 c5 2. Nc3 Nc6 3. g3 g6 4. Bg2 Bg7 5. d3 d6 6. f4 Nf6 7. Nf3 O-O 8. O-O
Rb8 9. a4 b6 10. h3 Bb7 11. Be3 Nd7 12. d4 Qc7 13. Nb5 Qc8 14. d5 Na5 15. Nxa7
Qd8 16. c3 Ra8 17. Nb5 Nc4 18. Qe2 Nxe3 19. Qxe3 Ba6 20. e5 Bxb5 21. axb5 dxe5
22. Nxe5 Nxe5 23. fxe5 Qd7 24. Rxa8 Rxa8 25. e6 Qd6 26. exf7+ Kf8 27. Qe6 Be5
28. g4 Bh2+ 29. Kh1 Bg3 30. Qe3 Qe5 31. Qh6+ Qg7 32. Qxg7+ Kxg7 33. d6 exd6 34.
Bxa8 Kf8 35. Bd5 Be5 36. Ra1 Bg7 37. Ra8+ Ke7 38. Re8+ Kf6 39. f8=Q+ Bxf8 40.
Rxf8+ 1-0